[Event "Madrid San Viator op 22nd"]
[Site "Madrid"]
[Date "2014.03.30"]
[Round "2"]
[White "Perez Puebla, Fernando"]
[Black "Algaba Traspuesto, Jose Antonio"]
[Result "0-1"]
[WhiteElo "1575"]
[BlackElo "1747"]
[PlyCount "79"]
[EventDate "2014.03.23"]
[EventType "swiss"]
[EventRounds "9"]
[EventCountry "ESP"]
[SourceTitle "EXT 2015"]
[Source "ChessBase"]
[SourceDate "2014.11.20"]
[SourceVersion "1"]
[SourceVersionDate "2014.11.20"]
[SourceQuality "1"]

1. d4 Nf6 2. c4 g6 3. Nc3 d5 4. cxd5 Nxd5 5. e4 Nxc3 6. bxc3 Bg7 7. Rb1 c5 8. Nf3 cxd4 9. cxd4 Qa5+ 10. Qd2 Qxd2+ 11. Bxd2 0-0 12. Be2 b6 13. 0-0 Bg4 14. d5 Nd7 15. h3 Bxf3 16. Bxf3 Rfc8 17. Rfc1 Ne5 18. Be2 Kf8 19. f4 Nd7 20. e5 Nc5 21. Bf3 Nd3 22. Rxc8+ Rxc8 23. Be2 Rc2 24. Bxd3 Rxd2 25. Rc1 Bh6 26. Rc8+ Kg7 27. Bc4 Bxf4 28. e6 fxe6 29. dxe6 Rc2 30. Re8 Rxc4 31. Rxe7+ Kf6 32. Rxa7 Rc7 33. Ra6 Be3+ 34. Kf1 Kxe6 35. Ra4 Bc5 36. g4 Rf7+ 37. Ke2 Rf2+ 38. Kd1 Rf3 39. h4 Rd3+ 40. Kc2 0-1